MVP Pitchers in MLB - Statistics

General Stats
  • This quiz has been taken 108 times
  • The average score is 7 of 11
Answer Stats
Year Pitcher % Correct
2011 Justin Verlander
91%
2014 Clayton Kershaw
87%
1986 Roger Clemens
86%
1963 Sandy Koufax
84%
1968 Bob Gibson
79%
1992 Dennis Eckersley
59%
1971 Vida Blue
55%
1981 Rollie Fingers
54%
1968 Dennis McLain
51%
1984 Willie Hernandez
51%
1956 Don Newcombe
36%
No matching quizzes found
Score Distribution
Percent of People with Each Score
Percentile by Number Answered
Your Score History
You have not taken this quiz